Architekt rastu kanadskej ekonomiky musel odstúpiť

Kanadské hospodárstvo vykázalo počas prvého štvrťroku excelentný rast, ktorý sa ustálil na hodnote 6 percent. Prehľad rastových ukazovateľov kanadskej ekonomiky. Okolnosti okolo odvolania ministra financií a architekta rastu kanadskej ekonomiky Paula Martina.

Salvato in:
Dettagli Bibliografici
Autore principale: Knížat, Jozef
Natura: Capitolo di libro
Lingua:slovacco
Soggetti:
Tags: Aggiungi Tag
Nessun Tag, puoi essere il primo ad aggiungerne!!

MARC

LEADER 00000naa a2200000 4500
001 r045668
005 20230920074814.2
041 0 |a slo 
044 |a SK 
245 1 0 |a Architekt rastu kanadskej ekonomiky musel odstúpiť  |c Jozef Knížat 
520 |a Kanadské hospodárstvo vykázalo počas prvého štvrťroku excelentný rast, ktorý sa ustálil na hodnote 6 percent. Prehľad rastových ukazovateľov kanadskej ekonomiky. Okolnosti okolo odvolania ministra financií a architekta rastu kanadskej ekonomiky Paula Martina. 
610 2 0 |a situácia hospodárska 
610 2 0 |a Kanada 
610 2 0 |a ukazovatele ekonomické 
610 2 0 |a politika 
100 1 |a Knížat, Jozef